|
|
|
|
| LEADER |
03379nam a2200397 a 4500 |
| 001 |
EBC1016184 |
| 003 |
MiAaPQ |
| 005 |
20200520144314.0 |
| 006 |
m o d | |
| 007 |
cr cn||||||||| |
| 008 |
111228s2013 nyua sb 001 0 eng d |
| 010 |
|
|
|z 2011052005
|
| 020 |
|
|
|z 9780415677400 (hardback)
|
| 020 |
|
|
|a 9780203112571 (electronic bk.)
|
| 035 |
|
|
|a (MiAaPQ)EBC1016184
|
| 035 |
|
|
|a (Au-PeEL)EBL1016184
|
| 035 |
|
|
|a (CaPaEBR)ebr10596276
|
| 035 |
|
|
|a (CaONFJC)MIL389906
|
| 035 |
|
|
|a (OCoLC)810082642
|
| 040 |
|
|
|a MiAaPQ
|c MiAaPQ
|d MiAaPQ
|
| 043 |
|
|
|a e------
|
| 050 |
|
4 |
|a HD9999.C9473
|b C45146 2013
|
| 082 |
0 |
4 |
|a 302.23094
|2 23
|
| 245 |
0 |
0 |
|a Creative industries and innovation in Europe
|h [electronic resource] :
|b concepts, measures and comparative case studies /
|c edited by Luciana Lazzeretti.
|
| 260 |
|
|
|a New York :
|b Routledge,
|c 2013.
|
| 300 |
|
|
|a xvii, 309 p. :
|b ill.
|
| 440 |
|
0 |
|a Regions and cities ;
|v 57
|
| 504 |
|
|
|a Includes bibliographical references and index.
|
| 505 |
0 |
|
|a Cultural and creative industries in Europe -- The geography of creative industries in Europe : comparing France, Great Britain, Italy, and Spain / Rafael Boix, Luciana Lazzeretti, Francesco Capone, Lisa de Propris, and Daniel Sanchez -- Why do creative industries cluster? / Luciana Lazzeretti, Rafael Boix, and Francesco Capone -- Creative industries in Spain : the case of printing and publishing / Rafael Boix -- Creative and cultural industries in Austria / Michaela Trippl, Franz Todtling, and Rene Schuldner -- Creative industries in the UK / Lisa De Propris -- Leisure, culture, and experience economy as creative strategy in the periphery : does north Denmark benefit from the experience economy? / Anne Lorentzen -- Creative industries and creative city policy in Japan / Masayuki Sasaki -- Innovation, creative space, and symbolic value -- Complexity geography and the rise of the green creative city / Philip Cooke -- From cultural cluster to creative cluster : the case of art restoration in Florence / Luciana Lazzeretti and Tommaso Cinti -- Geographical proximity and new short supply food chains / Leila Kebir and Andre Torre -- Product category dynamics in cultural industries : spaghetti westerns' influence on American Western movie genre / Gino Cattani and C. Moritz B. Fliescher -- Cultural activities in territorial development : the case of cultural and creative enterprises in the Swiss watchmaking industry / Hugues Jeannerat and Olivier Crevoisier -- Putting creativity in place : a relational and practice perspective / Udo Staber -- Design at Work : The interwoven effect of territorial embeddedness, social ties and business networks / Marco Bettiol and Silvia Rita Sedita -- The importance of gatekeeping processes and reputation building in the sustainability of creative milieux : evidence from case studies in Lisbon, Barcelona and Sao Paulo / Pedro Costa.
|
| 533 |
|
|
|a Electronic reproduction. Ann Arbor, MI : ProQuest, 2015. Available via World Wide Web. Access may be limited to ProQuest affiliated libraries.
|
| 650 |
|
0 |
|a Cultural industries
|z Europe.
|
| 650 |
|
0 |
|a Technological innovations
|x Economic aspects
|z Europe.
|
| 655 |
|
4 |
|a Electronic books.
|
| 700 |
1 |
|
|a Lazzeretti, Luciana.
|
| 710 |
2 |
|
|a ProQuest (Firm)
|
| 856 |
4 |
0 |
|u https://ebookcentral.proquest.com/lib/matrademy/detail.action?docID=1016184
|z Click to View
|